LEADER 02401nam 22004213 450 001 9910133001003321 005 19991119000000.0 010 $a9788858122778 010 $a8858122771 035 $a(CKB)3400000000017231 035 $a(ItFiC)it 02414606 035 $a(Perlego)3461047 035 $a(EXLCZ)993400000000017231 100 $a20101102d1999 uy 0 101 0 $aita 200 13$aLa guerra /$fAlberto Casadei 210 $aRoma [etc.] $cGLF editori Laterza$d1999 215 $a89 p. ;$d18 cm 225 0$aAlfabeto letterario ;$v13 225 0$aTemi letterari 311 08$a9788842059219 311 08$a8842059218 320 $aIncludes bibliographical references. 330 8 $aIl volume affronta il problema della rappresentazione della guerra in letteratura, e in particolare nella narrativa. L'lntroduzione esamina in che modo la guerra veniva narrata nella letteratura antica, dalla Bibbia a Omero a Cesare, giungendo sino alia Rivoluzione francese. Il capitolo centrale analizza invece il problema della guerra in alcuni grandi romanzi dell'Ottocento (La certosa di Parma, Guerra e pace e La disfatta di Zola), mettendo in rilievo le forti novita? rispetto all'epica e alla memorialistica. I romanzi e i diari relativi alla Prima guerra mondiale sono poi confrontati con le 'ideologie della guerra' di fine Ottocento, delle quali costituiscono una tragica smentita. Particolarmente nuova infine la sezione dedicata alla letteratura che si riferisce alla Seconda guerra mondiale. La bibliografia finale, oltre a indicare un'essenziale ma non esigua serie di saggi critici, suggerisce vari percorsi di lettura, adatti a molti livelli didattici. I riferimenti alla letteratura italiana sono sempre ampi, ma il lavoro si distingue per il taglio comparatistico, assai fecondo e chiarificatore. Frequenti sono infine i riferimenti alla tragica attualita? della guerra, e al rapporto tra cinema, televisione e letteratura, che, rispetto agli altri due mezzi di rappresentazione, sembra conservare ancora intatto il proprio particolare valore espressivo. 676 $a809 676 $a306 676 $a909 676 $a940 676 $a355 676 $a945 676 $a320 700 $aCasadei$b Alberto$0147595 801 0$bItFiC 801 1$bItFiC 906 $aBOOK 912 $a9910133001003321 996 $aGuerra$9223801 997 $aUNINA